000 00641nam a2200241Ia 4500
003 OSt
005 20220918175900.0
006 a|||||r|||| 00| 0
007 ta
008 220917b |||||||| |||| 00| 0 eng d
024 _a19,455
037 _cTextual
040 _aARTS
_cARTS
_beng
041 _2eng
_aeng
082 _aO:2M67:1, J7;H1
100 _aGalsworthy John
_955111
245 0 _aJustice
_b A tragedy in four acts
260 _aLondon
_bDuckworth
_c1941
300 _a111p.
_ccm.
650 _aENGLISH LITERATURE
942 _hO:2M67:1, J7;H1
_cTEXL
_2CC
999 _c159371
_d159371